My diary in India in the year 1858-59 (Record no. 892875)

MARC details
000 -LEADER
fixed length control field 00680nam a2200241Ia 4500
003 - CONTROL NUMBER IDENTIFIER
control field OSt
005 - DATE AND TIME OF LATEST TRANSACTION
control field 20220930190618.0
008 - FIXED-LENGTH DATA ELEMENTS--GENERAL INFORMATION
fixed length control field 220926b |||||||| |||| 00| 0 eng d
037 ## - SOURCE OF ACQUISITION
Terms of availability Digitized Books
040 ## - CATALOGING SOURCE
Original cataloging agency CRL
Transcribing agency CRL
Language of cataloging eng
041 ## - LANGUAGE CODE
Source of code eng
Language code of text/sound track or separate title eng
100 ## - MAIN ENTRY--PERSONAL NAME
Personal name Russell William Howard
9 (RLIN) 559161
245 #0 - TITLE STATEMENT
Title My diary in India in the year 1858-59
260 ## - PUBLICATION, DISTRIBUTION, ETC.
Date of publication, distribution, etc. 1905
500 ## - GENERAL NOTE
General note CL0111997 & CL0111998 are digitized.
650 ## - SUBJECT ADDED ENTRY--TOPICAL TERM
Topical term or geographic name entry element GEOGRAPHY
942 ## - ADDED ENTRY ELEMENTS (KOHA)
Classification part U8:2xM20, A.1-.2;D5.1
Koha item type eBooks
Source of classification or shelving scheme Colon Classification (CC)
Holdings
Withdrawn status Lost status Damaged status Not for loan Home library Current library Date acquired Total Checkouts Full call number Barcode Date last seen Price effective from Koha item type
        Central Library Central Library 2022-09-30   U8:2xM20 A.1-.2;D5.1 CL0111998 2022-09-30 2022-09-30 eBooks
Copyright @ Delhi University Library System